<?xml version="1.0" encoding="UTF-8"?>
<record
    xmlns:xsi="http://www.w3.org/2001/XMLSchema-instance"
    xsi:schemaLocation="http://www.loc.gov/MARC21/slim http://www.loc.gov/standards/marcxml/schema/MARC21slim.xsd"
    xmlns="http://www.loc.gov/MARC21/slim">

  <leader>01057nam0a2200289   4500</leader>
  <controlfield tag="001">RU\NLR\b_ik\189630</controlfield>
  <controlfield tag="005">20250616231045.0</controlfield>
  <datafield tag="010" ind1=" " ind2=" ">
    <subfield code="a">978-5-86889-532-6</subfield>
    <subfield code="9">100</subfield>
  </datafield>
  <datafield tag="035" ind1=" " ind2=" ">
    <subfield code="a">(NLR Aleph) 002262099</subfield>
  </datafield>
  <datafield tag="090" ind1=" " ind2=" ">
    <subfield code="a">3833513</subfield>
    <subfield code="c">3833513</subfield>
  </datafield>
  <datafield tag="100" ind1=" " ind2=" ">
    <subfield code="a">20110420d2010    |||y0rusy50      ca</subfield>
  </datafield>
  <datafield tag="101" ind1="0" ind2=" ">
    <subfield code="a">eng</subfield>
  </datafield>
  <datafield tag="102" ind1=" " ind2=" ">
    <subfield code="a">RU</subfield>
  </datafield>
  <datafield tag="105" ind1=" " ind2=" ">
    <subfield code="a">ac  |||||||||</subfield>
  </datafield>
  <datafield tag="200" ind1="1" ind2=" ">
    <subfield code="a">Russian electronics chronology</subfield>
    <subfield code="f">Prof. Ludmila I. Sharygina</subfield>
    <subfield code="g">Tomsk state univ. of control systems a. radio electronics</subfield>
  </datafield>
  <datafield tag="210" ind1=" " ind2=" ">
    <subfield code="a">Tomsk</subfield>
    <subfield code="c">TUCSR</subfield>
    <subfield code="d">2010</subfield>
  </datafield>
  <datafield tag="215" ind1=" " ind2=" ">
    <subfield code="a">92 &#x441;.</subfield>
    <subfield code="c">&#x438;&#x43B;., &#x446;&#x432;. &#x438;&#x43B;., &#x43F;&#x43E;&#x440;&#x442;&#x440;.</subfield>
    <subfield code="d">24</subfield>
  </datafield>
  <datafield tag="300" ind1=" " ind2=" ">
    <subfield code="a">&#x412; &#x432;&#x44B;&#x43F;. &#x434;&#x430;&#x43D;. &#x430;&#x432;&#x442;.: &#x428;&#x430;&#x440;&#x44B;&#x433;&#x438;&#x43D;&#x430; &#x41B;&#x44E;&#x434;&#x43C;&#x438;&#x43B;&#x430; &#x418;&#x432;&#x430;&#x43D;&#x43E;&#x432;&#x43D;&#x430;</subfield>
  </datafield>
  <datafield tag="320" ind1=" " ind2=" ">
    <subfield code="a">&#x411;&#x438;&#x431;&#x43B;&#x438;&#x43E;&#x433;&#x440;.: &#x441;. 89-92 (60 &#x43D;&#x430;&#x437;&#x432;.)</subfield>
  </datafield>
  <datafield tag="606" ind1="1" ind2=" ">
    <subfield code="a">&#x42D;&#x43B;&#x435;&#x43A;&#x442;&#x440;&#x43E;&#x43D;&#x438;&#x43A;&#x430;</subfield>
    <subfield code="x">&#x418;&#x441;&#x442;&#x43E;&#x440;&#x438;&#x44F;</subfield>
    <subfield code="9">2383773</subfield>
    <subfield code="3">RU\NLR\AUTH\661422052</subfield>
  </datafield>
  <datafield tag="686" ind1="1" ind2=" ">
    <subfield code="a">&#x417;8&#x433;</subfield>
  </datafield>
  <datafield tag="700" ind1=" " ind2="1">
    <subfield code="a">&#x160;arygina</subfield>
    <subfield code="b">L. I.</subfield>
    <subfield code="g">Ljudmila Ivanovna</subfield>
    <subfield code="4">070</subfield>
  </datafield>
  <datafield tag="801" ind1=" " ind2="0">
    <subfield code="a">RU</subfield>
    <subfield code="b">NLR</subfield>
    <subfield code="c">20110420</subfield>
    <subfield code="g">RCR</subfield>
  </datafield>
  <datafield tag="830" ind1=" " ind2=" ">
    <subfield code="a">&#x420;&#x43E;&#x441;&#x441;&#x438;&#x439;&#x441;&#x43A;&#x430;&#x44F; &#x445;&#x440;&#x43E;&#x43D;&#x43E;&#x43B;&#x43E;&#x433;&#x438;&#x44F; &#x44D;&#x43B;&#x435;&#x43A;&#x442;&#x440;&#x43E;&#x43D;&#x438;&#x43A;&#x438;</subfield>
  </datafield>
  <datafield tag="942" ind1=" " ind2=" ">
    <subfield code="c">BOOK</subfield>
  </datafield>
  <datafield tag="980" ind1=" " ind2=" ">
    <subfield code="a">NB</subfield>
  </datafield>
  <datafield tag="995" ind1=" " ind2=" ">
    <subfield code="5">2011-04-20</subfield>
    <subfield code="a">ad</subfield>
    <subfield code="b">NLR01</subfield>
    <subfield code="c">NLR01</subfield>
    <subfield code="e">IF</subfield>
    <subfield code="f">1096441</subfield>
    <subfield code="k">&#x418;&#x43A; 2011-7/595</subfield>
    <subfield code="o">0</subfield>
    <subfield code="r">BOOK</subfield>
    <subfield code="s">_20117595</subfield>
    <subfield code="u"> ;  </subfield>
  </datafield>
</record>
